| 000 | 00340cam a22001217a 4500 | ||
|---|---|---|---|
| 008 | 180718b1979 xxu||||| |||| 00| 0 eng d | ||
| 082 | _aU R277 | ||
| 100 | _aReisman, George | ||
| 245 |
_aThe government against the economy _cby George Reisman |
||
| 260 |
_aOttawa _bJameson Books _c1979 |
||
| 300 | _a207p. | ||
| 650 | _aGovernment and business | ||
| 999 |
_c380222 _d380222 |
||